000 00673nam a2200253 a 4500
001 nice12345678
003 IN_TiNIC
005 20260116011259.0
008 050524s1960 haga grp 000 0 eng
020 _a
_c100
082 0 0 _a305.4209598
_bVRE
100 _aVreede De Stuers, Cora
245 _aIndonesian Woman
_b Struggles and Achievements.
260 _aHague
_bMouton Publisher
_c1960
300 _a165p
500 _aincludes index and biblioraphy
505 2 _aAppendix, Biography Bibliography and Index.
650 _aWomen-Indonesia
650 _aWomen-India
700 1 _aVreede De Stuers, Cora
902 _bSRS
942 _cBK
999 _c142
_d142